Toutes les villes ayant accueilli le départ du Tour de France - Statistiques

Statistiques générales
  • Ce quiz a été pris 175 fois
  • Le résultat moyen est 64 sur 114
Statistiques - réponses
Année Ville % Correct
1905 | 1906 | 1907 | +33 others Paris
97%
1960 | 1994 | 2025 Lille
92%
1981 | 2020 Nice
89%
1952 | 1974 | 2008 | 2021 Brest
83%
1991 Lyon
83%
1953 | 2006 Strasbourg
79%
1958 | 2019 Bruxelles
72%
2007 Londres
69%
2026 Barcelone
68%
1964 Rennes
68%
1954 Amsterdam
64%
2022 Copenhague
64%
1957 Nantes
63%
1951 Metz
58%
1987 Berlin-Ouest
53%
1962 | 1966 Nancy
53%
1961 | 1997 Rouen
53%
2023 Bilbao
52%
1955 Le Havre
52%
2009 Monaco
47%
1956 Reims
47%
2024 Florence
42%
2001 Dunkerque
40%
2004 | 2012 Liège
40%
1989 | 2002 Luxembourg
40%
1998 Dublin
36%
1967 | 1972 Angers
34%
2010 Rotterdam
32%
1959 | 1971 Mulhouse
29%
1969 Roubaix
29%
1990 | 2000 Futuroscope
27%
2017 Düsseldorf
25%
1970 Limoges
25%
2027 Edimbourg
24%
2016 Le Mont-Saint-Michel
23%
2013 Porto-Vecchio
21%
1982 Bâle
19%
1980 Francfort-sur-le-Main
18%
2014 Leeds
18%
2018 Noirmoutier
18%
1992 Saint-Sébastien
18%
1965 Cologne
15%
1995 Saint-Brieuc
14%
1986 Boulogne-Billancourt
12%
2015 Utrecht
12%
1975 Charleroi
10%
1903 | 1904 Montgeron
10%
1993 | 1999 Puy du Fou
7%
1996 Bois-le-Duc
5%
1926 Évian-les-Bains
5%
2011 Passage du Gois
4%
1977 | 1979 Fleurance
3%
1983 Fontenay-sous-Bois
3%
1976 Merlin-Plage
3%
1985 Plumelec
3%
1968 Vittel
2%
2005 Fromentine
1%
1978 Leyde
1%
1984 Montreuil
1%
1988 Pontchâteau
1%
1973 Schéveningue
1%
Aucun quiz correspondant
Distribution des résultats
% des personnes avec chaque résultat
Percentile par nombre de réponses
Votre historique - résultats
Vous n’avez pas pris ce quiz